Cambodia : Ex Post Assessment of Longer-Term Program Engagement.

This Ex Post Assessment of Longer-Term Program Engagement for Cambodia reports its progress in implementing its economic stabilization, reconstruction, and reform programs. Prior to the normalization of relations with the IMF, Cambodia faced waves of rapid inflation and exchange rate depreciation, r...

Πλήρης περιγραφή

Λεπτομέρειες βιβλιογραφικής εγγραφής
Συγγραφή απο Οργανισμό/Αρχή: International Monetary Fund
Μορφή: Επιστημονικό περιοδικό
Γλώσσα:English
Έκδοση: Washington, D.C. : International Monetary Fund, 2004.
Σειρά:IMF Staff Country Reports; Country Report ; No. 2004/324
Διαθέσιμο Online:Full text available on IMF
LEADER 01596cas a2200241 a 4500
001 AALejournalIMF003262
008 230101c9999 xx r poo 0 0eng d
020 |c 5.00 USD 
020 |z 9781451821697 
022 |a 1934-7685 
040 |a BD-DhAAL  |c BD-DhAAL 
110 2 |a International Monetary Fund. 
245 1 0 |a Cambodia :   |b Ex Post Assessment of Longer-Term Program Engagement. 
264 1 |a Washington, D.C. :  |b International Monetary Fund,  |c 2004. 
300 |a 1 online resource (46 pages) 
490 1 |a IMF Staff Country Reports 
500 |a <strong>Off-Campus Access:</strong> No User ID or Password Required 
500 |a <strong>On-Campus Access:</strong> No User ID or Password Required 
506 |a Electronic access restricted to authorized BRAC University faculty, staff and students 
520 3 |a This Ex Post Assessment of Longer-Term Program Engagement for Cambodia reports its progress in implementing its economic stabilization, reconstruction, and reform programs. Prior to the normalization of relations with the IMF, Cambodia faced waves of rapid inflation and exchange rate depreciation, reflecting the government's recurrent resort to money creation to finance the fiscal deficit as external assistance withered. With monetary instability and negative real interest rates, financial intermediation levels and confidence remain low. 
538 |a Mode of access: Internet 
830 0 |a IMF Staff Country Reports; Country Report ;  |v No. 2004/324 
856 4 0 |z Full text available on IMF  |u http://elibrary.imf.org/view/journals/002/2004/324/002.2004.issue-324-en.xml  |z IMF e-Library